000 00635nam a2200217Ia 4500
003 OSt
005 20220218152519.0
008 210716s2010 xx 000 0 und d
040 _cAIMIT LIBRARY
041 _aeng
082 _a519.5
_22nd
_bBAJN
100 _aBajpai, Naval.
_921062
245 _aBusiness statistics /
_cBy Naval Bajpai.
250 _a2nd ed.
260 _aNew Delhi :
_bDorling Kindersley ,
_c2010.
300 _axxxi,800 p. ;
_c27.5 cm.
650 _aCharts and graphs
_921063
650 _aMeasures of central tendency
_921064
650 _aMeasures of dispersion
_921065
942 _2ddc
_cBK
_e2nd
_k519.5 BAJN
999 _c209621
_d209621